000
00290nam a2200121Ia 4500
100
_a
Copson/E.T
942
_c
BK
654
_a
Computer variables
245
_a
Theory of Functions of a Computer variable
260
_b
Oxford university
_a
New Delhi
_c
1992
546
_a
ENGLISH
999
_c
31670
_d
31670